Normal view MARC view

Entry Personal Name

Number of records used in: 1

001 - CONTROL NUMBER

  • control field: 33064

003 - CONTROL NUMBER IDENTIFIER

  • control field: OSt

005 - DATE AND TIME OF LATEST TRANSACTION

  • control field: 20220915121507.0

008 - FIXED-LENGTH DATA ELEMENTS

  • fixed length control field: 220915|| aca||aabn | a|a d

040 ## - CATALOGING SOURCE

  • Original cataloging agency: OSt
  • Transcribing agency: OSt

100 ## - HEADING--PERSONAL NAME

  • Personal name: Dhiman, Dimple and Sharma, Himani

670 ## - SOURCE DATA FOUND

  • Source citation: Work cat.: (OSt)519798: Dhiman, Dimple and Sharma, Himani , Does organizational trust mediate the CSR–OCB relationship: A PLS-SEM analysis

Powered by Koha